| 000 | 00360 a2200133 4500 | ||
|---|---|---|---|
| 001 | 91491 | ||
| 082 | _aPR 1456 | ||
| 090 |
_c43631 _d43630 |
||
| 100 | _aAbdul Basit; Prof Tahir M Khalid (Advisor) | ||
| 245 |
_aRestoration of LAB Model Thermal Imaging System _n59 "B" EC |
||
| 260 |
_aRawalpindi _bNUST _c2004 |
||
| 300 | _a85p | ||
| 500 | _aBE Project Reports | ||
| 942 |
_aCAE NUST _kPR-1456 |
||
| 999 |
_c326564 _d326564 |
||